| 000 | 00658nam a2200229 u 4500 | ||
|---|---|---|---|
| 005 | 20210223132014.0 | ||
| 008 | 130225s2006 r 000 0 eng d | ||
| 020 | _a9968153427 | ||
| 035 | _aUPN01000189843 | ||
| 049 | _aI | ||
| 050 | 4 |
_aPQ7489.2 R5.6 _bP3.6 2006 |
|
| 100 | 1 |
_aRíos, Lara, _d1934- _930133 |
|
| 245 | 1 | 0 |
_aPantalones largos / _cLara Ríos ; il. de Daniela Violi. |
| 250 | _a2a ed. | ||
| 260 |
_aBogotá : _bNorma, _c2006. |
||
| 300 |
_a256 p. : _bil. |
||
| 440 | 0 |
_aTorre de papel. _pAmarilla |
|
| 650 | 4 |
_aLITERATURA JUVENIL COSTARRICENSE _921951 |
|
| 650 | 4 |
_aNOVELA COSTARRICENSE _915187 |
|
| 905 | _aInfantil | ||
| 999 |
_c161946 _d161946 |
||